| 000 | 01151nam a22002777a 4500 | ||
|---|---|---|---|
| 003 | dpl | ||
| 005 | 20180611121857.0 | ||
| 008 | 180611b xxu||||| |||| 00| 0 eng d | ||
| 010 | _aB-148729 | ||
| 020 |
_c500.00 _a8170563003 |
||
| 035 | _aB-148729, B-148736 | ||
| 037 | _bCen Lib/Ret | ||
| 040 |
_aDPL _bHN _c0 |
||
| 082 |
_a020 _bशर्माप्र |
||
| 100 |
_aशर्मा, प्रहलाद _986081 |
||
| 245 |
_aपत्रकारिता सुचना के स्रोत / _cप्रहलाद शर्मा |
||
| 246 |
_aSoochna ke srot / _bby Prahlaad Sharma |
||
| 260 |
_aजयपुर _bपंचशील प्रकाशन _c2005 |
||
| 270 |
_aफिल्म कॉलोनी चौड़ा रास्ता _bजयपुर _e302003 |
||
| 300 |
_a288पृ. _c21सेमी(सजिल्द) |
||
| 650 |
_aग्रन्थ परक स्रोत _945972 |
||
| 650 |
_aभौगोलिक स्रोत _986082 |
||
| 650 |
_aOriented source texts _986083 |
||
| 650 |
_aGeographical Source _986084 |
||
| 942 |
_2ddc _cHN _h020 _mशर्माप्र |
||
| 999 |
_c119656 _d119656 |
||